=LDR 00000nam 2200000 4500 =001 INLIS000000000054714 =005 20200220021633 =035 ##$$a 0010-0220000276 =007 ta =008 200220###########################0#ind## =020 ##$$a 978-602-74189-0-5 =082 ##$$a 004.03 =084 ##$$a 004.03 Edw k =245 1#$$a Kamus Populer Istilah Komputer & Informatika /$c Edward Erik =300 ##$$a 224 halaman : $b Ilustrasi ; $c 21 Cm. =650 #4$$a Komputer-kamus =700 #$$a Editor, Yulianto,S.Kom., Sodikin =504 ##$$a Bibliografi : halaman 223 =264 ##$$a Jakarta :$b Riugha Edu Pustaka,$c 2019 =336 ##$$a teks$2 rdacontent =337 ##$$a lain-lain$2 rdamedia =338 ##$$a lain-lain$2 rdacarrier =990 ##$$a 01420142 =990 ##$$a 01420142